00642nam a2200229Ia 4500008004100000020001800041050001800059050001800077100002300095245004700118245004000165250001600205260001600221260003400237260000900271300001700280300002000297300001100317500002000328650002400348650004000372180523s9999 xx 000 0 und d a981-247-149-9 aMAIN HD 30.28 b.W44 2004 c.1 aWheelen, Thomas L. 0aStrategic management and business policy / 0cThomas L. Wheelen, J. David Hunger. a9th Edition aSingapore : bPearson Education South Asia, c2004 aI-24 pages : billustrations ; c25 cm. aIncludes index. aStrategic planning. xStrategic planning -- Case studies.